الإمام الغزالي : (Record no. 91533)

MARC details
000 -الفاتح
عناصر البيانات ثابتة الطول 00662cam a2200193 i 4500
005 - تاريخ ووقت آخر معاملة
حقل ضبط 20251113100857.0
008 - عناصر البيانات ثابتة الطول
عناصر البيانات ثابتة الطول 250721s2004 sy gr 000 0 ara d
082 14 - رقم تصنيف ديوي العشري
رقم التصنيف 189.33
رقم المادة در و
100 1# - مدخل رئيسي – اسم شخصي
الاسم الشخصي الدرويش، عيد
علاقة الشخص بالعمل/ دوره مؤلف.
245 12 - بيان العنوان
العنوان الإمام الغزالي :
بقية العنوان بين العقل والنقل /
بيان المسؤولية عيد الدرويش.
264 31 - بيانات النشر، التوزيع…إلخ
مكان النشر، التوزيع...إلخ دمشق :
اسم الناشر، الموزع...إلخ مؤسسة علاء الدين،
تاريخ النشر، التوزيع...إلخ 2004.
300 ## - الوصف المادي
عدد الوحدات المكونة للوعاء 211 صفحة.
490 0# - بيان السلسلة
عنوان السلسلة دراسات فلسفية.
650 17 - مدخل إضافي بالموضوع - مصطلح موضوعي
مصطلح موضوعي أو اسم جغرافي كعنصر مدخل الفلسفة الإسلامية.
650 17 - مدخل إضافي بالموضوع - مصطلح موضوعي
مصطلح موضوعي أو اسم جغرافي كعنصر مدخل فلسفة الغزالي.
830 #0 - مدخل إضافي بالسلسلة-عنوان مقنن
عنوان السلسسلة دراسات فلسفية.
942 ## - بيانات إضافية (كوها)
نوع التنصيف Dewey Decimal Classification
نوع المادة (كوها) Books
Holdings
حالة السحب حالة الفقدان مصدر التصنيف حالة التلف غير قابل للإعارة المكتبة الرئيسية المكتبة الحالية موقع الرف تاريخ التزويد الرقم المتسلسل Total Checkouts رقم الإستدعاء الباركود تاريخ آخر ظهور تاريخ الفاتورة نوع المادة (كوها)
    Dewey Decimal Classification     المكتبة المركزية المكتبة المركزية الإعارة 28/07/2025 810571   189.33/درو 810571 28/07/2025 28/07/2025 Books
Implemented & Customized by: BBB with SCIT (Smart Chains for Information Technology)

Powered by Koha